| 000 | 00788cam a2200301 4500 | ||
|---|---|---|---|
| 001 | J84463 | ||
| 008 | 090401t1997 xxu||||| |||| 00| 0 eng d | ||
| 035 | _a(Sirsi) u78858 | ||
| 041 | _aeng | ||
| 050 | _a658.202 | ||
| 100 | _aAshworth, A. | ||
| 245 | _aObsolescence in buildings: data for life cycle costing. | ||
| 260 |
_aAscot, Berks. _bCIOB _c1997 |
||
| 300 | _a12p. ; 30cm. | ||
| 350 | _a5 | ||
| 490 |
_aConstruction Papers _v74 |
||
| 650 | _aBUILDING COMPONENTS | ||
| 650 | _aBUILDING LIFE | ||
| 650 | _aDEPRECIATION | ||
| 650 | _aDETERIORATION | ||
| 650 | _aLIFE CYCLE COSTING | ||
| 650 | _aLIFE EXPECTANCIES | ||
| 650 | _aOBSOLESCENCE | ||
| 690 | _aBUILT ENVIRONMENT | ||
| 710 |
_aChartered Institute of Building _92134 |
||
| 942 | _n0 | ||
| 948 | _c11/06/1997 | ||
| 999 |
_c96496 _d96496 |
||